000 00590nam a22002057a 4500
999 _c1862
_d1862
003 SLTCLib
008 260109b ce ||||| |||| 00| 0 eng d
020 _a9551349008
041 _aSinhala
082 _a005.54
_bWIJ
100 _aWijerathne, N.P.
_93370
242 _aPariganaka Jalakaranaya
_bNetworking
245 _aපරිගණක ජාලකරණය
260 _aKotadheniyawa
_bAkarsha Publication
_c2005
300 _a190p.
650 0 _91944
_aNetworking
650 0 _92070
_aComputer science
942 _2ddc
_cMLN
945 _a3725
_bIshara wickramage
_c4470
_dRashmi Wasana